000 00842nmc a2200301 a 4500
003 AR-BaBNM
005 20251128211043.0
008 012020s1991 ||||||||||||||000 | spa||
020 _a0-521-39753-7
040 _cAR-BaBNM
100 1 _aDineen, Jacqueline
245 1 0 _aLook you! Look me!
_bkey stage 2 : Y3-4
250 _a1ª ed.
260 _aCambridge
_bCambridge University Press
_c1991
300 _a64 p.
_bil., tablas
490 0 _aNew Horizons: science 5-16
500 _aContiene índice alfabético
521 _aPRIMARIO
650 4 _aINGLES
650 4 _aLENGUA EXTRANJERA
650 4 _aACTIVIDADES DE APRENDIZAJE
650 4 _aLIBROS DE TEXTO
653 _aENSENANZA DE LAS CIENCIAS NATURALES
653 _aEDUCACION PARA LA SALUD
653 _aEDUCACION GENERAL BASICA
942 _cBK
998 _craquel
999 _c18021
_d18021